[Event "It"]
[Site "Chernigov UKR"]
[Date "2005.01.23"]
[Round "2"]
[White "Mazurok,A"]
[Black "Fiodorov,M"]
[Result "1-0"]
[WhiteElo "2427"]
[BlackElo "2185"]

1.e4 c5 2.Nf3 d6 3.Bb5+ Nd7 4.d4 cxd4 5.Qxd4 Nf6 6.Bg5 a6 7.Bxd7+ Nxd7 8.c4 Qa5+
9.Nc3 Ne5 10.Nxe5 Qxe5 11.Qd2 Bd7 12.O-O g6 13.Nd5 Rc8 14.f4 Qe6 15.Qd4 f6
16.Bxf6 exf6 17.Nxf6+ Kf7 18.f5 Qxc4 19.fxg6+ Kxg6 20.Qe3 Qc5 21.Qxc5 dxc5
22.Nxd7 Bg7 23.e5 Rhe8 24.Rae1 Re6 25.Rf3 h5 26.Rg3+ Kh7 27.Rd3 Rc7 28.Rd5 b6
29.Kf2 c4 30.Re3 Kg6 31.Kg3 Kf7 32.Rf3+ Kg6 33.Nf8+ Bxf8 34.Rxf8 c3 35.Rd6 Kg7
36.Rxe6 cxb2 37.Rxb6 b1=Q 38.Rxb1 Kxf8 39.Rb3 Rc2 40.Ra3 Rc6 41.Kh4  1-0

[Event "Corus B"]
[Site "Wijk aan Zee NED"]
[Date "2005.01.23"]
[Round "8"]
[White "Smeets,J"]
[Black "Karjakin,Sergey"]
[Result "1/2-1/2"]
[WhiteElo "2475"]
[BlackElo "2599"]

1.e4 c5 2.Nf3 d6 3.Bb5+ Bd7 4.Bxd7+ Qxd7 5.O-O Nf6 6.e5 dxe5 7.Nxe5 Qc8 8.Qf3 e6
9.Nc3 Be7 10.d3 O-O 11.Bf4 Nfd7 12.Qg3 Nxe5 13.Bxe5 f6 14.Bxb8 Rxb8 15.Rae1 Qc6
16.Qg4 f5 17.Qe2 Rf6 18.Nb1 Rg6 19.f4 Bh4 20.g3 Bf6 21.c3 Qd5 22.Nd2 Rd8
23.a3 Kf7 24.Rf3 h5 25.Re3 Rh8 26.Nf3 h4 27.Re5 Qd7 28.Rxc5 hxg3 29.h3 Rgh6
30.Ne5+ Bxe5 31.Qxe5 Rc8 32.Rxc8 Qxc8 33.d4 Rxh3 34.Kg2 Rh2+ 35.Kxg3 Rd2
36.Re2 Rd3+ 37.Re3 Qc4 38.Rxd3 Qxd3+ 39.Kf2 Qd2+ 40.Kf3 Qxb2 41.d5 Qb6 42.c4 Qb3+
43.Kf2 Qa2+ 44.Ke1 Qb1+ 45.Kd2 exd5 46.cxd5 Qe4 47.Qc7+ Kg6 48.d6 Qxf4+ 49.Kc2 Qe4+
50.Kd2 Qd5+ 51.Kc1 Qe5 52.Qd8 Qc3+ 53.Kd1 Qd3+ 54.Ke1 Qe3+  1/2-1/2

[Event "Open"]
[Site "Geneva SUI"]
[Date "2005.01.24"]
[Round "3"]
[White "Maze,S"]
[Black "Buehler,Bea"]
[Result "1-0"]
[WhiteElo "2455"]
[BlackElo "2227"]

1.e4 c5 2.Nf3 d6 3.Bb5+ Nc6 4.O-O e6 5.Bxc6+ bxc6 6.e5 d5 7.d3 Ne7 8.b3 Ng6
9.g3 Be7 10.Bb2 O-O 11.Nbd2 Bd7 12.h4 f6 13.Re1 Nxe5 14.Nxe5 fxe5 15.Bxe5 Bf6
16.f4 Be8 17.Qg4 Bf7 18.Bxf6 Qxf6 19.Re5 a5 20.a4 Rab8 21.Rae1 Rb4 22.Qf3 Qd8
23.Qf2 Qd6 24.R5e3 h6 25.Nf3 c4 26.dxc4 dxc4 27.Ne5 cxb3 28.Rd3 Qc7 29.cxb3 Be8
30.Qe3 Rf5 31.Nc4 Rd5 32.Rc3 Bf7 33.Ne5 Rd6 34.Rec1 Qb7 35.Nxc6 Rxc6 36.Rxc6 Rxb3
37.Qe4 Qa7+ 38.Kh1 Qe7 39.Rc7  1-0

[Event "Gibraltar Masters"]
[Site "Caleta ENG"]
[Date "2005.01.25"]
[Round "1"]
[White "Quillan,G"]
[Black "Williams,Si"]
[Result "1-0"]
[WhiteElo "2322"]
[BlackElo "2487"]

1.e4 c5 2.Nf3 d6 3.Bb5+ Nd7 4.d4 Nf6 5.Nc3 cxd4 6.Qxd4 e5 7.Qd3 h6 8.h3 Be7
9.g4 a6 10.Bxd7+ Bxd7 11.g5 hxg5 12.Bxg5 Qa5 13.O-O-O Rc8 14.Bxf6 Bxf6 15.Kb1 Be6
16.a3 Be7 17.Ne1 O-O 18.Qg3 b5 19.Rg1 g6 20.Nd5 Bxd5 21.Rxd5 Qa4 22.Qe3 Kg7
23.c3 Rh8 24.Rg4 Rh5 25.Rd3 a5 26.Nc2 Bf8 27.Qe2 Kh7 28.f4 Qc4 29.f5 Bh6
30.fxg6+ fxg6 31.Rxg6 Rh4 32.Rgxd6 Rg8 33.Rd7+ Kh8 34.Rd8 Bf8 35.Qf3 Be7
36.Rxg8+ Kxg8 37.Qg3+ Kf8 38.Rf3+ Ke8 39.Qxe5 Rxe4 40.Qb8+ Bd8 41.Qd6 Be7
42.Qb8+ Bd8 43.Qd6 Be7 44.Qd3 Qa4 45.Re3 Rxe3 46.Qxe3 Qc4 47.Nd4 b4 48.axb4 axb4
49.Qe2 Qc8 50.Qh5+ Kd8 51.Qh8+ Kd7 52.Qxc8+ Kxc8 53.Nc6 bxc3  1-0

[Event "It"]
[Site "Chernigov UKR"]
[Date "2005.01.25"]
[Round "4"]
[White "Mazurok,A"]
[Black "Krupko,A"]
[Result "1-0"]
[WhiteElo "2427"]
[BlackElo "2178"]

1.e4 c5 2.Nf3 d6 3.Bb5+ Bd7 4.Bxd7+ Qxd7 5.c4 Qg4 6.O-O Qxe4 7.d4 cxd4 8.Nxd4 Nf6
9.Nc3 Qg4 10.Qa4+ Qd7 11.Ndb5 Nc6 12.Bg5 a6 13.Nd5 Rb8 14.Nbc7+ Kd8 15.Rfe1 Rc8
16.Nxa6 bxa6 17.Nb6 Qf5 18.Nxc8 Qxc8 19.Rad1 h6 20.Bxf6 gxf6 21.c5 Ne5 22.cxd6 exd6
23.f4 Qc5+ 24.Kh1 Nd7 25.Qxa6 Qb6 26.Qa8+ Qb8 27.Qe4 Qxb2 28.Rc1 Nc5 29.Qc6  1-0

[Event "Open"]
[Site "Geneva SUI"]
[Date "2005.01.26"]
[Round "5"]
[White "Wilson,A"]
[Black "Nabavi,P"]
[Result "1-0"]
[WhiteElo "2072"]
[BlackElo "2177"]

1.e4 c5 2.Nf3 d6 3.Bb5+ Bd7 4.Bxd7+ Qxd7 5.O-O Nc6 6.c4 Nd4 7.Nxd4 cxd4 8.d3 g6
9.f4 Bg7 10.Nd2 a5 11.Nf3 e5 12.Qe1 h5 13.Bd2 a4 14.Rc1 Ne7 15.c5 exf4 16.Bxf4 dxc5
17.Rxc5 Nc6 18.Rd5 Qc8 19.Bd6 Ne7 20.Bxe7 Kxe7 21.Qb4+ Ke8 22.Ne5 Ra6 23.Nxf7 Rf8
24.Rd8+ Qxd8 25.Nxd8 Rxf1+ 26.Kxf1 Kxd8 27.Qxb7  1-0

[Event "ch-Kiev"]
[Site "Kiev UKR"]
[Date "2005.01.26"]
[Round "8"]
[White "Semenova,L"]
[Black "Nogin,N"]
[Result "1-0"]
[WhiteElo "2257"]
[BlackElo "2364"]

1.e4 c5 2.Nf3 d6 3.Bb5+ Nd7 4.O-O a6 5.Bxd7+ Bxd7 6.d4 cxd4 7.Qxd4 Nf6 8.e5 dxe5
9.Nxe5 Be6 10.Qh4 Qd5 11.Re1 Rd8 12.Nc3 Qd4 13.Qg3 g6 14.Be3 Qb4 15.Nd3 Qc4
16.Nc5 Bc8 17.Rad1 Rxd1 18.Rxd1 Bg7 19.Rd4 Qxc5 20.Rd8+ Kxd8 21.Bxc5 Nd7
22.Nd5 e5 23.Be7+  1-0

[Event "ch-Kiev"]
[Site "Kiev UKR"]
[Date "2005.01.26"]
[Round "8"]
[White "Karnaukh,A"]
[Black "Golichenko,I"]
[Result "1/2-1/2"]
[WhiteElo "2248"]
[BlackElo "2240"]

1.e4 c5 2.Nf3 d6 3.Bb5+ Nd7 4.d3 Nf6 5.O-O a6 6.Ba4 e6 7.Re1 Be7 8.c3 O-O
9.d4 b5 10.Bc2 e5 11.d5 Ne8 12.a4 Nb6 13.axb5 axb5 14.Rxa8 Nxa8 15.Na3 Nec7
16.Bd3 Bd7 17.Nc2 Nb6 18.Ne3 g6 19.g4 Qc8 20.h3 Qb7 21.Kh2 Ra8 22.Rg1 Ra1
23.Nc2 Ra4 24.Bh6 Ra8 25.Ne3 Ne8 26.Qf1 Na4 27.Qe2 c4 28.Bb1 Nc5 29.Nd2 Qc7
30.Nf5 Bd8 31.Ng3 Bf6 32.f4 Qd8 33.f5  1/2-1/2

[Event "Gibraltar Masters"]
[Site "Caleta ENG"]
[Date "2005.01.27"]
[Round "3"]
[White "Al Tamimi,H"]
[Black "Sutovsky,E"]
[Result "0-1"]
[WhiteElo "2210"]
[BlackElo "2669"]

1.e4 c5 2.Nf3 d6 3.Bb5+ Nd7 4.d4 Nf6 5.Nc3 cxd4 6.Qxd4 e5 7.Qd3 h6 8.Be3 Be7
9.h3 O-O 10.Bc4 Nb6 11.Bb3 Be6 12.O-O Rc8 13.Nd2 a6 14.Rfd1 Nh5 15.Qe2 Nf4
16.Bxf4 exf4 17.e5 d5 18.Nf3 Nc4 19.Bxc4 Rxc4 20.Qxc4 dxc4 21.Rxd8 Rxd8 22.Ne2 g5
23.Ned4 c3 24.bxc3 Rc8 25.Nxe6 fxe6 26.Rd1 Rxc3 27.Rd7 Bc5 28.Nd4 Bxd4 29.Rxd4 Rxc2
30.Rd8+ Kf7 31.Rd7+ Kg6 32.Rxb7 Kf5 33.Rh7 Rxa2 34.Rxh6 a5 35.Rh5 Kg6 36.Rh8 Re2
37.Rg8+ Kf5 38.Kf1 Ra2 39.Rh8 a4 40.Ra8 Kxe5 41.Ra5+ Kf6 42.Ra6 a3 43.Ra5 e5
44.Ra6+ Kg7 45.Ke1 e4 46.Ra4 e3 47.fxe3 fxe3 48.g3 Ra1+ 49.Ke2 a2  0-1

[Event "It"]
[Site "Chernigov UKR"]
[Date "2005.01.27"]
[Round "6"]
[White "Mazurok,A"]
[Black "Samsonkin,A"]
[Result "0-1"]
[WhiteElo "2427"]
[BlackElo "2251"]

1.e4 c5 2.Nf3 d6 3.Bb5+ Bd7 4.Bxd7+ Qxd7 5.c4 Nc6 6.Nc3 Ne5 7.d4 Nxf3+ 8.gxf3 cxd4
9.Qxd4 e6 10.Be3 Ne7 11.O-O-O Rc8 12.b3 b5 13.Qxa7 Qxa7 14.Bxa7 bxc4 15.Kb2 Nc6
16.Be3 Rb8 17.Kc2 cxb3+ 18.axb3 g6 19.Bf4 Nb4+ 20.Kb2 Rb6 21.Na4 Rc6 22.Rd2 Bg7+
23.Kb1 Ke7 24.Rhd1 d5 25.Bg5+ Kd7 26.Rc1 Rhc8 27.Rxc6 Rxc6 28.Rd1 Be5 29.Bd2 Nc2
30.exd5 exd5 31.h3 Na3+ 32.Ka2 Nb5 33.Kb1 Ke6 34.Bh6 Nc3+ 35.Nxc3 Rxc3 36.Be3 Rxb3+
37.Kc2 Rc3+ 38.Kb1 d4 39.Bxd4 Bxd4 40.Rxd4 Rxf3 41.Re4+ Kf6 42.Rh4 h5  0-1

[Event "Gibraltar Masters"]
[Site "Caleta ENG"]
[Date "2005.01.29"]
[Round "5"]
[White "Hamdouchi,H"]
[Black "Dreev,A"]
[Result "0-1"]
[WhiteElo "2555"]
[BlackElo "2704"]

1.e4 c5 2.Nf3 d6 3.Bb5+ Nc6 4.O-O Bd7 5.Re1 Nf6 6.c3 a6 7.Bxc6 Bxc6 8.d4 cxd4
9.cxd4 Bxe4 10.Nc3 d5 11.Ne5 e6 12.Qb3 Be7 13.Qxb7 Qc8 14.Qb3 O-O 15.Bf4 Nh5
16.Be3 Rb8 17.Qd1 Bg6 18.Rc1 Qb7 19.g4 Nf6 20.h4 h5 21.Bf4 Nxg4 22.Nxg4 hxg4
23.Bxb8 Qxb8 24.Qxg4 Qxb2 25.h5 Bf5 26.Qf4 Bb4 27.Qe3 Rc8 28.Na4 Rxc1 29.Rxc1 Qxa2
30.h6 Qxa4 31.Qg5 Bg6 32.Rc8+ Kh7 33.hxg7 Qd1+ 34.Kh2 Bd6+  0-1

[Event "Open"]
[Site "Geneva SUI"]
[Date "2005.01.29"]
[Round "8"]
[White "Wilson,A"]
[Black "Hanouna,D"]
[Result "1/2-1/2"]
[WhiteElo "2072"]
[BlackElo "2087"]

1.e4 c5 2.Nf3 d6 3.Bb5+ Nc6 4.Bxc6+ bxc6 5.O-O e6 6.Re1 Ne7 7.c3 Ng6 8.d4 d5
9.exd5 cxd5 10.Be3 c4 11.b3 cxb3 12.axb3 Be7 13.c4 dxc4 14.bxc4 O-O 15.Nc3 Bb7
16.Rb1 Qd7 17.d5 exd5 18.Qb3 d4 19.Nxd4 Rfb8 20.Qc2 Nh4  1/2-1/2

[Event "Bundesliga 2004-5"]
[Site "Muelheim Nord GER"]
[Date "2005.01.29"]
[Round "8"]
[White "Nataf,IA"]
[Black "Naiditsch,A"]
[Result "1-0"]
[WhiteElo "2565"]
[BlackElo "2611"]

1.e4 c5 2.Nf3 d6 3.Bb5+ Bd7 4.Bxd7+ Qxd7 5.c4 Nf6 6.Nc3 g6 7.d4 cxd4 8.Nxd4 Bg7
9.f3 O-O 10.O-O a6 11.Be3 Rc8 12.Qe2 Nc6 13.Rad1 Qc7 14.Nb3 Ne5 15.c5 dxc5
16.f4 Nc6 17.e5 Nxe5 18.fxe5 Qxe5 19.Qf3 c4 20.Bd4 Qh5 21.Qxh5 Nxh5 22.Bxg7 Kxg7
23.Nd2 b5 24.Nd5 Ra7 25.Ne4 e6 26.Nb6 Rc6 27.Nd7 f5 28.Ne5 Rcc7 29.Ng5 Kf6
30.Ngf3 Nf4 31.Rd6 c3 32.bxc3 Rxc3 33.Nc6 Rc7 34.Ncd4 Rd3 35.Rxa6 Rc4 36.g3 Nh3+
37.Kg2 Ng5 38.Nxg5 Rd2+ 39.Rf2 Rxf2+ 40.Kxf2 Rxd4 41.Nxh7+ Ke5 42.Ng5  1-0

[Event "13th Fajr Open"]
[Site "Tehran IRI"]
[Date "2005.01.29"]
[Round "5"]
[White "Zarinfam,A"]
[Black "Ryahi,N"]
[Result "0-1"]
[WhiteElo "2139"]
[BlackElo "2232"]

1.e4 c5 2.Nf3 d6 3.Bb5+ Bd7 4.Bxd7+ Qxd7 5.O-O Nc6 6.c3 Nf6 7.Re1 e6 8.d4 cxd4
9.cxd4 d5 10.e5 Ne4 11.a3 Be7 12.Qd3 O-O 13.Nbd2 Nxd2 14.Bxd2 h6 15.Re3 f5
16.exf6 Rxf6 17.Rae1 Bd6 18.Bc3 Qf7 19.Qe2 Re8 20.b4 Bf4 21.Ne5 Bxe5 22.dxe5 Rf4
23.b5 Ne7 24.Bb4 Nf5 25.Rd3 Nd4 26.Qd2 Nxb5 27.Rc1 a6 28.g3 Re4 29.f3 Rxe5
30.a4 Na7 31.Bd6 Rf5 32.Rc7 Qf6 33.Rxb7 Nc8 34.Ba3 Rxf3 35.Bb2 Rf1+ 36.Kg2 e5
37.Rxd5 Qf3+ 38.Kh3 Rf2 39.Rxe5 Rxe5 40.Qd8+ Kh7 41.Rxg7+ Kxg7 42.Qd7+ Kg6  0-1

[Event "13th Fajr Open"]
[Site "Tehran IRI"]
[Date "2005.01.29"]
[Round "5"]
[White "Aryanejad,H"]
[Black "Babaev,Ra"]
[Result "1/2-1/2"]
[WhiteElo "2252"]
[BlackElo "2463"]

1.e4 c5 2.Nf3 d6 3.Bb5+ Nd7 4.c3 Nf6 5.Qe2 a6 6.Ba4 e5 7.O-O b5 8.Bc2 Be7
9.d4 O-O 10.dxe5 dxe5 11.Rd1 Qc7 12.Nbd2 Bb7 13.Nf1 c4 14.Ng3 g6 15.h3 Nc5
16.Nh2 Qc6 17.f3 Ne6 18.Ng4 Nxg4 19.fxg4 Bg5 20.Bxg5 Nxg5 21.Rd2 Rad8 22.Rad1 Ne6
23.Rxd8 Rxd8 24.Rxd8+ Nxd8 25.Qd2 Ne6 26.Kh2 Kg7 27.Bd1 Qc7 28.Bf3 Qd8 29.Qxd8 Nxd8
30.Bd1 Ne6 31.Bc2 a5 32.a3 Kf6 33.Nf1 Nc5 34.Nd2 Ke7 35.Kg3 Kd6 36.a4 Ba6
37.axb5 Bxb5 38.Kf3 Ne6 39.g5 Kc5 40.Ke3 Kd6  1/2-1/2

[Event "13th Fajr Open"]
[Site "Tehran IRI"]
[Date "2005.01.29"]
[Round "5"]
[White "Khoshkalamian,B"]
[Black "Mohammadi,H"]
[Result "0-1"]
[WhiteElo "2174"]
[BlackElo "2313"]

1.e4 c5 2.Nf3 d6 3.Bb5+ Nd7 4.O-O Nf6 5.Re1 a6 6.Bxd7+ Nxd7 7.d4 cxd4 8.Qxd4 e6
9.Bg5 Qc7 10.Nc3 Ne5 11.Nxe5 dxe5 12.Qd3 b5 13.Rad1 f6 14.Bc1 Bd7 15.Qf3 b4
16.Ne2 Be7 17.c3 a5 18.b3 bxc3 19.Nxc3 Rc8 20.Bb2 O-O 21.Re3 Bc5 22.Red3 Bc6
23.Qg3 Rb8 24.Ba1 Bb4 25.h4 Qe7 26.h5 Bc5 27.Na4 Bxa4 28.bxa4 Rfd8 29.Kf1 Bb6
30.Rxd8+ Rxd8 31.Rxd8+ Qxd8 32.Ke2 Qa8 33.Qd3 Qc6 34.f3 Qxa4 35.Qb3 Qc6 36.Qc3 Qb5+
37.Kd2 Qd7+ 38.Qd3 Bd4 39.Bc3 Qa4 40.Qc2 Qd7 41.Kc1 Qe7 42.Kd2 g5 43.hxg6 hxg6
44.Qb3 Kf7 45.Kd3 Qd7 46.Qc4 f5 47.a4 Bxc3+ 48.Kxc3 Kf6 49.Kb3 Qd2 50.exf5 exf5
51.Qh4+ Ke6 52.Qh7 Qb4+  0-1

[Event "Corus B"]
[Site "Wijk aan Zee NED"]
[Date "2005.01.29"]
[Round "12"]
[White "Stellwagen,D"]
[Black "Cheparinov,I"]
[Result "1/2-1/2"]
[WhiteElo "2524"]
[BlackElo "2572"]

1.e4 c5 2.Nf3 d6 3.Bb5+ Nd7 4.d4 Nf6 5.Nc3 a6 6.Bxd7+ Nxd7 7.O-O e6 8.Bg5 f6
9.Bh4 Be7 10.dxc5 dxc5 11.e5 f5 12.Bxe7 Qxe7 13.Qd6 Qxd6 14.exd6 Kf7 15.Rfe1 Kf6
16.g4 fxg4 17.Ne4+ Kg6 18.Nh4+ Kh6 19.f4 Rf8 20.Ng5 Nb6 21.Nxe6 Bxe6 22.Rxe6+ g6
23.Rd1 Rad8 24.Kg2 Rxf4 25.Kg3 Rf7 26.Kxg4 Nd7 27.Kg3 Nf6 28.Kg2 Nh5 29.Re7 Rxe7
30.dxe7 Re8 31.Rd7 b5 32.Nf3 Nf6 33.Ra7 Nd5 34.Rxa6 Rxe7 35.Ra5 Re2+ 36.Kg3 Rxc2
37.Rxb5 Ne3 38.a4 g5 39.Ne5 Nf1+ 40.Kg4 Nxh2+ 41.Kf5 Rf2+ 42.Ke6 g4 43.Rb8 Re2
44.Kd6 g3 45.Rg8 Nf1 46.a5 Rxb2 47.Kxc5 Ra2 48.Kb6 Rb2+ 49.Kc6 Re2 50.Nf3 Rc2+
51.Kb7 Rb2+ 52.Kc6 Ra2 53.Kb6 Rb2+ 54.Kc6 Ra2 55.Kb6  1/2-1/2

[Event "Bundesliga 2004-5"]
[Site "Baden Oos GER"]
[Date "2005.01.30"]
[Round "9"]
[White "Medvegy,Z"]
[Black "Hansen,SuB"]
[Result "1/2-1/2"]
[WhiteElo "2467"]
[BlackElo "2551"]

1.e4 c5 2.Nf3 d6 3.Bb5+ Bd7 4.c4 Nc6 5.d4 cxd4 6.Nxd4 Nf6 7.Bxc6 bxc6 8.Nc3 g6
9.c5 Bg7 10.cxd6 exd6 11.Bf4 O-O 12.O-O Re8 13.Re1  1/2-1/2

[Event "Bundesliga 2004-5"]
[Site "Baden Oos GER"]
[Date "2005.01.30"]
[Round "9"]
[White "Fries Nielsen,JO"]
[Black "Movsesian,S"]
[Result "1/2-1/2"]
[WhiteElo "2379"]
[BlackElo "2629"]

1.e4 c5 2.Nf3 d6 3.Bb5+ Nc6 4.e5 Bg4 5.h3 Bh5 6.g4 Bg6 7.Qe2 e6 8.Bxc6+ bxc6
9.d3 h5 10.exd6 Bxd6 11.Rg1 hxg4 12.hxg4 Ne7 13.Na3 Bc7 14.Nc4 Qd5 15.Be3 Nc8
16.Nfd2 Nd6 17.Nxd6+ Bxd6 18.Nc4 Be7 19.Qd1  1/2-1/2

[Event "Gibraltar Masters"]
[Site "Caleta ENG"]
[Date "2005.01.30"]
[Round "6"]
[White "Radziewicz,I"]
[Black "Bergsson,St"]
[Result "1-0"]
[WhiteElo "2459"]
[BlackElo "2163"]

1.e4 c5 2.Nf3 d6 3.Bb5+ Nc6 4.O-O Bd7 5.Re1 Ne5 6.Bxd7+ Qxd7 7.a3 Qg4 8.Nxe5 Qxd1
9.Rxd1 dxe5 10.b4 cxb4 11.axb4 e6 12.Nc3 Bxb4 13.Nb5 Ke7 14.Bb2 Nf6 15.Bxe5 a6
16.Rab1 Bc5 17.d4 axb5 18.dxc5 Nxe4 19.f3 f6 20.Rxb5 fxe5 21.Rxb7+ Kf6 22.fxe4 Rhc8
23.Rf1+ Kg6 24.Rff7 Ra1+ 25.Kf2 Rxc5 26.Rxg7+ Kh6 27.Rxh7+ Kg6 28.Rhg7+ Kh6
29.Rgc7 Rca5 30.Rb6 Rc1 31.Rxe6+ Kg5 32.g3 Kh5 33.Rh7+ Kg5 34.Rg7+  1-0

[Event "13th Fajr Open"]
[Site "Tehran IRI"]
[Date "2005.01.31"]
[Round "7"]
[White "Kayumov,S"]
[Black "Mamedov,Nid"]
[Result "0-1"]
[WhiteElo "2417"]
[BlackElo "2446"]

1.e4 c5 2.Nf3 d6 3.Bb5+ Bd7 4.Bxd7+ Nxd7 5.O-O Ngf6 6.Qe2 e6 7.d3 Be7 8.Ng5 h6
9.Nh3 Ne5 10.f4 Nc6 11.c4 Nd7 12.Nc3 Nd4 13.Qd1 Bf6 14.f5 Ne5 15.Be3 Ndc6
16.fxe6 fxe6 17.Nf4 Qe7 18.Qh5+ Kd7 19.Qh3 Raf8 20.Ncd5 Qe8 21.b4 cxb4 22.d4 Nxc4
23.Nxf6+ Rxf6 24.d5 N6e5 25.Rac1 Rhf8 26.dxe6+ Kc6 27.Rfd1 Rxf4 28.Bxf4 Rxf4
29.Qe3 Rf8 30.Qxa7 Qxe6 31.Rd5 Qf7 32.Qd4 Kd7 33.h3 Qf4 34.Rd1 Rf6 35.Kh1 Qe3
36.Rb1 Qxd4 37.Rxd4 b5 38.Rd5 Nc6 39.e5 N4xe5 40.Rxb5 Kc7 41.Kg1 Rf8 42.a3 bxa3
43.Rb7+ Kc8 44.R7b6 Rf7 45.Ra6 Ra7 46.Rxa7 Nxa7 47.Kf2 Nac6 48.Ke2 Nd4+ 49.Ke3 Nc2+
50.Kd2 a2  0-1

[Event "13th Fajr Open"]
[Site "Tehran IRI"]
[Date "2005.01.31"]
[Round "8"]
[White "Toufighi,H"]
[Black "Ardeshi,M"]
[Result "0-1"]
[WhiteElo "2177"]
[BlackElo "2254"]

1.e4 c5 2.Nf3 d6 3.Bb5+ Nc6 4.O-O a6 5.Bxc6+ bxc6 6.c3 Bg4 7.d4 cxd4 8.cxd4 e6
9.Be3 Nf6 10.Nbd2 Bxf3 11.gxf3 Qa5 12.Rc1 Rc8 13.Nc4 Qb5 14.Bf4 d5 15.a4 Qb7
16.exd5 Nxd5 17.Bg3 Be7 18.Kh1 O-O 19.Rg1 Rfd8 20.Qd2 Qb3 21.Rg2 Qxf3 22.Ne5 Qe4
23.Nxc6 Rxc6 24.Rxc6 Nf4 25.Bxf4 Qxc6 26.Bg5 f6 27.Bh6 g6 28.h4 Qe4  0-1

[Event "10th HIT Open A"]
[Site "Nova Gorica SLO"]
[Date "2005.02.01"]
[Round "7"]
[White "Jaracz,B"]
[Black "Stajner,S"]
[Result "0-1"]
[WhiteElo "2256"]
[BlackElo "2162"]

1.e4 c5 2.Nf3 d6 3.Bb5+ Bd7 4.Bxd7+ Nxd7 5.O-O g6 6.c3 Bg7 7.d4 Qc7 8.Bg5 Ngf6
9.Re1 O-O 10.e5 dxe5 11.dxe5 Ng4 12.Bxe7 Rfe8 13.Bd6 Qb6 14.e6 fxe6 15.h3 Ngf6
16.Re2 Rad8 17.Na3 Qc6 18.Bf4 Ne5 19.Nd2 Nd3 20.Bg3 Nxb2 21.Qc2 Nd5 22.Ne4 Na4
23.Nc4 Naxc3 24.Nxc3 Nxc3 25.Ree1 Qd5 26.Ne5 Qd2 27.Qb3 Ne2+ 28.Kh2 Nxg3
29.fxg3 Qd5 30.Qc3 Qd4 31.Rac1 Qxc3 32.Rxc3 Rd5 33.Rce3 Bxe5 34.Rxe5 Rxe5
35.Rxe5 b6 36.Kg1 Kf7 37.Kf2 Rd8 38.Re2 Rd7 39.Ke3 Ke7 40.Ke4 Rd5 41.g4 Rd4+
42.Ke5 g5 43.Rf2 h6 44.g3 Rd3 45.h4  0-1

[Event "XII TCh-RUS 1st League"]
[Site "Smolensk RUS"]
[Date "2005.02.06"]
[Round "5"]
[White "Tkachuk,A"]
[Black "Andreikin,D"]
[Result "0-1"]
[WhiteElo "2120"]
[BlackElo "2472"]

1.e4 c5 2.Nf3 d6 3.Bb5+ Bd7 4.Bxd7+ Qxd7 5.c4 Nc6 6.d4 cxd4 7.Nxd4 g6 8.Nc3 Bg7
9.Be3 Nf6 10.f3 Rc8 11.Nde2 O-O 12.Rc1 e6 13.Qd2 Rfd8 14.O-O d5 15.cxd5 exd5
16.exd5 Nxd5 17.Nxd5 Qxd5 18.Qxd5 Rxd5 19.Nc3 Rd3 20.Kf2 Re8 21.Bf4 Nb4 22.Rfe1 Red8
23.Kg3 R3d7 24.Re4 Nd3 25.Rc2 f5 26.Ra4 a6 27.Rc4 b5 28.Rc6 Nb4 29.Ne2 Nxc2
30.Rxc2 Kf7 31.h4 Bf6 32.b3 Re8 33.Nc1 Rd4 34.Bg5 Be5+ 35.Kf2 Rd7 36.Ne2 Rc7
37.Rd2 Rec8 38.g4 fxg4 39.fxg4 Kg8 40.Rd5 Re8 41.a4 bxa4 42.bxa4 Rc4 43.Ra5 Rc2
44.Kf3 Rxe2  0-1

[Event "2nd GM"]
[Site "Kish IRI"]
[Date "2005.02.07"]
[Round "8"]
[White "Asanov,B"]
[Black "Ghaem Maghami,E"]
[Result "0-1"]
[WhiteElo "2476"]
[BlackElo "2623"]

1.e4 c5 2.Nf3 d6 3.Bb5+ Nd7 4.c3 Nf6 5.Qe2 a6 6.Ba4 e5 7.d4 b5 8.Bc2 Be7
9.dxe5 dxe5 10.O-O O-O 11.Rd1 Qc7 12.a4 Rb8 13.b3 Bb7 14.axb5 axb5 15.Na3 Bc6
16.c4 bxc4 17.Nxc4 Bb5 18.Bb2 Bxc4 19.Qxc4 Rb4 20.Qc3 Nxe4 21.Bxe4 Rxe4 22.Qd3 Nf6
23.Qc3 Re2 24.Re1 Nd5 25.Qc4 Rxb2 26.Qxd5 Rd8 27.Qxe5 Qxe5 28.Rxe5 Bf8 29.Re3 Rb8
30.Ne5 R2xb3 31.Rxb3 Rxb3 32.Kf1 f6 33.Nc4 Rb4 34.Rc1 Kf7 35.Ke2 Rb7 36.Rd1 Re7+
37.Kf3 Ra7 38.Ke4 g6 39.Rb1 Rd7 40.Rc1 f5+ 41.Kf3 Bg7 42.Rb1 Bd4 43.h3 Ra7
44.g4 Ke6 45.Rd1 fxg4+ 46.hxg4 Rf7+ 47.Ke4 Rxf2 48.Rh1 Rc2 49.Nb6 Re2+ 50.Kf3 Rf2+
51.Ke4 Kf6 52.Rxh7 Kg5 53.Rc7 Kxg4 54.Nd7 Re2+ 55.Kd3 Re7 56.Kc4 Kf5 57.Kd5 g5
58.Kd6 Rg7 59.Rc8 g4  0-1

[Event "5th It"]
[Site "Pulvermuehle GER"]
[Date "2005.02.08"]
[Round "6"]
[White "Meier,Geo"]
[Black "Bindrich,F"]
[Result "1/2-1/2"]
[WhiteElo "2372"]
[BlackElo "2326"]

1.e4 c5 2.Nf3 d6 3.Bb5+ Nc6 4.O-O Bg4 5.c3 a6 6.Bxc6+ bxc6 7.h3 Bh5 8.d4 cxd4
9.cxd4 e6 10.Qa4 Qd7 11.Nbd2 Nf6 12.Re1 Be7 13.b3 O-O 14.Ba3 Rfb8 15.Rac1 Rb5
16.e5 Nd5 17.Qc4 Rc8 18.exd6 Bxd6 19.Bxd6 Qxd6 20.a4 Rb6 21.Ne5 Ne7 22.Qc5 Qxc5
23.Rxc5 Rb4 24.Nec4 Bg6 25.g4 Rd8 26.Ra5 Ra8 27.h4 h6 28.f3 Bc2 29.Rc1 Bxb3
30.Nxb3 Rxb3 31.Ne5 Rb6 32.Kf2 f6 33.Nd7 Rb4 34.Nc5 Kf7 35.Ra1 Rxd4 36.Rxa6 Rb8
37.Ra2 Rd5 38.Rc2 f5 39.Ra7 g6 40.gxf5 gxf5 41.Nxe6 Kxe6 42.Re2+ Re5 43.Rxe7+ Kxe7
44.Rxe5+ Kf6 45.Rc5 Rb4 46.Rxc6+ Kg7 47.a5 Rxh4 48.a6 Ra4 49.Kg3 Kh7 50.Rf6 Kg7
51.Rb6 Kh7 52.Rc6 Kg7 53.f4 Ra3+ 54.Kh4 Ra1  1/2-1/2

[Event "FSIMA February"]
[Site "Budapest HUN"]
[Date "2005.02.09"]
[Round "5"]
[White "Toth,E"]
[Black "Stupavski,Z"]
[Result "0-1"]
[WhiteElo "2239"]
[BlackElo "2313"]

1.e4 c5 2.Nf3 d6 3.Bb5+ Bd7 4.Bxd7+ Qxd7 5.c4 Nf6 6.Nc3 Nc6 7.d4 cxd4 8.Nxd4 Qg4
9.O-O Qxd1 10.Rxd1 Nxd4 11.Rxd4 Rc8 12.b3 g6 13.Bb2 Bg7 14.Rd2 Nd7 15.Nd5 Bxb2
16.Rxb2 a6 17.a4 Nc5 18.a5 e6 19.Nb6 Rc6 20.f3 Nd7 21.Nxd7 Kxd7 22.Kf2 g5
23.Rd2 Ke7 24.Ke3 Rb8 25.Rd3 h5 26.Kd2 Kf6 27.Kc3 Ke5 28.Rd2 Rg8 29.Rf1 Rc5
30.g3 Rxa5 31.f4+ gxf4 32.gxf4+ Kf6 33.Kb4 Rc5 34.Rxd6 Rc7 35.Ka5 h4 36.Kb6 Re7
37.Rf3 Rg2 38.h3 Re2 39.Rd8 Rxe4 40.Rb8 e5 41.fxe5+ Kxe5 42.Rxb7 Re6+ 43.Kc7 f5
44.c5 f4 45.c6 Re3 46.Rf1 f3 47.Rb8 Re7+ 48.Kc8 Kd6 49.Rb6 Rc7+ 50.Kd8 Rxc6
51.Rb4 Ke6 52.Rd4 Rd6+ 53.Rxd6+ Kxd6 54.Rd1+ Ke5  0-1

[Event "Tch-FIN 2004-5"]
[Site "Finland FIN"]
[Date "2005.02.12"]
[Round "7"]
[White "Jouhki,Y"]
[Black "Niemela,A"]
[Result "1/2-1/2"]
[WhiteElo "2307"]
[BlackElo "2265"]

1.e4 c5 2.Nf3 d6 3.Bb5+ Bd7 4.Bxd7+ Qxd7 5.c4 Nc6 6.Nc3 g6 7.d4 Bg7 8.d5 Bxc3+
9.bxc3 Na5 10.e5 Nxc4 11.exd6 O-O-O 12.Qe2 Nxd6 13.O-O Qa4 14.Ne5 Nf6 15.Qe3 Nxd5
16.Qxc5+ Nc7 17.Re1 f6 18.Nf3 e5 19.Be3 b6 20.Qb4 Qxb4 21.cxb4 Nd5 22.a3 Rd7
23.g4 Nxe3 24.Rxe3 g5 25.Kg2 Nb5 26.h4 h6 27.Rh1 Rhh7 28.a4 Nd4 29.hxg5 Nxf3
30.Kxf3 hxg5 31.Rxh7 Rxh7 32.Ke4 Rd7 33.Kf5 Rd4 34.Kxf6 Rxg4 35.Rxe5 Rxb4
36.Kxg5 Rxa4 37.f4 Ra1 38.f5 Kd7 39.f6 Rg1+ 40.Kh6 Rh1+ 41.Kg7 Rg1+ 42.Kf8 a5
43.Re7+ Kd6 44.Ra7 Kc5  1/2-1/2

[Event "Aeroflot Open B"]
[Site "Moscow RUS"]
[Date "2005.02.16"]
[Round "2"]
[White "Mamedov,Rau"]
[Black "Zhou Jianchao"]
[Result "1-0"]
[WhiteElo "2494"]
[BlackElo "2421"]

1.e4 c5 2.Nf3 d6 3.Bb5+ Bd7 4.Bxd7+ Qxd7 5.O-O Nc6 6.c3 Nf6 7.Re1 e6 8.d4 cxd4
9.cxd4 d5 10.e5 Ne4 11.Nbd2 Nxd2 12.Bxd2 Be7 13.Rc1 O-O 14.Rc3 Rfc8 15.h4 Bb4
16.Rxc6 Qxc6 17.Bxb4 Qc2 18.Bc3 Qxd1 19.Rxd1 a5 20.Ne1 Kf8 21.Nd3 b6 22.h5 Ke7
23.f4 g6 24.h6 Rc4 25.Kf2 g5 26.fxg5 Rg8 27.Rc1 Kd7 28.b3 Rc6 29.Bd2 Rgc8
30.Rxc6 Rxc6 31.Ke2  1-0

[Event "Aeroflot Open B"]
[Site "Moscow RUS"]
[Date "2005.02.16"]
[Round "2"]
[White "Looshnikov,N"]
[Black "Yegiazarian,A"]
[Result "0-1"]
[WhiteElo "2455"]
[BlackElo "2510"]

1.e4 c5 2.Nf3 d6 3.Bb5+ Nc6 4.O-O Bd7 5.Re1 Nf6 6.c3 a6 7.Bf1 Bg4 8.h3 Bxf3
9.Qxf3 g6 10.Na3 Bg7 11.Nc2 Nd7 12.d3 O-O 13.Qd1 b5 14.Ne3 b4 15.Bd2 e6 16.a3 bxc3
17.bxc3 Rb8 18.Rb1 Nb6 19.g3 h5 20.h4 d5 21.exd5 exd5 22.Bg2 Ne5 23.Nxd5 Nxd5
24.Rxb8 Qxb8 25.Bxd5 Nxd3 26.Re3 Ne5 27.Qe2 Kh7 28.Kg2 c4 29.Bxc4 Qd6 30.Bxa6 Ra8
31.Bb7 Rb8 32.Be4 Rb2 33.Qxh5+ Kg8 34.Qg5 Qxd2 35.Qf4 Bh6 36.Qxe5 Qxf2+ 37.Kh3 Qxe3
38.Qe8+ Bf8  0-1

[Event "Aeroflot Open B"]
[Site "Moscow RUS"]
[Date "2005.02.18"]
[Round "4"]
[White "Mamedov,Rau"]
[Black "Yegiazarian,A"]
[Result "1/2-1/2"]
[WhiteElo "2494"]
[BlackElo "2510"]

1.e4 c5 2.Nf3 d6 3.Bb5+ Bd7 4.Bxd7+ Qxd7 5.O-O Nc6 6.c3 Nf6 7.Re1 e6 8.d4 cxd4
9.cxd4 d5 10.e5 Ne4 11.Nbd2 Nxd2 12.Bxd2 Be7 13.Rc1 O-O 14.Rc3 Rac8 15.h4 f6
16.exf6 Bxf6 17.Bg5 h6 18.Bxf6 Rxf6 19.a3 Rcf8 20.Rce3 Qf7 21.Qd3  1/2-1/2

[Event "3rd Breizh Masters"]
[Site "Guingamp FRA"]
[Date "2005.02.19"]
[Round "2"]
[White "Mullon,J"]
[Black "Sulypa,A"]
[Result "1-0"]
[WhiteElo "2327"]
[BlackElo "2497"]

1.e4 c5 2.Nf3 d6 3.Bb5+ Bd7 4.Bxd7+ Qxd7 5.O-O Nf6 6.e5 dxe5 7.Nxe5 Qd6 8.Qe2 Nbd7
9.Nc4 Qc6 10.Nc3 e6 11.d4 cxd4 12.Nb5 Bc5 13.b4 O-O 14.Na5 Qa6 15.Bd2 Bb6
16.Nb3 Rac8 17.a4 e5 18.c4 Bc7 19.Qf3 Bb8 20.Na5 e4 21.Qh3 b6 22.Nb3 Rxc4
23.N3xd4 Be5 24.Nf5 Bxa1 25.Rxa1 e3 26.Nxe3 Re4 27.Nf5 Rfe8 28.Qb3 R4e6 29.Be3 Ng4
30.Nc7 Qe2 31.Nxe6 Nxe3 32.Ned4 Qd2 33.fxe3 g6 34.Rd1  1-0